Carlos V, emperador de Occidente y señor de dos mundos / (Record no. 121930)

MARC details
000 -LEADER
campo de control de longitud fija 00672nam a2200217 i 4500
001 - NÚMERO DE CONTROL
campo de control 121930
003 - IDENTIFICADOR DE NÚMERO DE CONTROL
campo de control ES-MaACL
005 - FECHA Y HORA DE LA ÚLTIMA TRANSACCIÓN
campo de control 20250805062424.0
007 - CAMPO FIJO DE DESCRIPCIÓN FÍSICA--INFORMACIÓN GENERAL
campo de control de longitud fija t|
008 - DATOS DE LONGITUD FIJA--INFORMACIÓN GENERAL
campo de control de longitud fija 070214s1941 sp |||| |bspa d
080 ## - NÚMERO DE LA CLASIFICACIÓN DECIMAL UNIVERSAL
Número de la Clasificación Decimal Universal 929 Carlos (460) I
080 ## - NÚMERO DE LA CLASIFICACIÓN DECIMAL UNIVERSAL
Número de la Clasificación Decimal Universal 94(460)"1516/56"
100 1# - ENTRADA PRINCIPAL--NOMBRE DE PERSONA
Nombre de persona Poch Noguer, José.
9 (RLIN) 92696
245 10 - MENCIÓN DEL TÍTULO
Título Carlos V, emperador de Occidente y señor de dos mundos /
Mención de responsabilidad, etc. José Poch Noguer.
260 ## - PUBLICACIÓN, DISTRIBUCIÓN, ETC.
Lugar de publicación, distribución, etc. Barcelona :
Nombre del editor, distribuidor, etc. Juventud,
Fecha de publicación, distribución, etc. 1941.
300 ## - DESCRIPCIÓN FÍSICA
Extensión 225 p. ;
Dimensiones 23 cm.
600 04 - PUNTO DE ACCESO ADICIONAL DE MATERIA--NOMBRE DE PERSONA
Nombre de persona Carlos
Numeración I,
Títulos y otros términos asociados al nombre Rey de España
9 (RLIN) 35296
651 #4 - PUNTO DE ACCESO ADICIONAL DE MATERIA--NOMBRE GEOGRÁFICO
Nombre geográfico España-
Subdivisión general Historia-
Subdivisión cronológica 1516-1556, Carlos I.
9 (RLIN) 8224
852 ## - LOCALIZACIÓN
Ubicación ES-MaACL
Número de control de estantería B-9548
Holdings
Estatus retirado Estado de pérdida Estado de daño No para préstamo Biblioteca de origen Biblioteca actual Ubicación en estantería Fecha de adquisición Fuente de adquisición Total de préstamos Signatura topográfica completa Código de barras Visto por última vez Precio de reemplazo Tipo de ítem Koha
        Biblioteca del Ateneo de Madrid Biblioteca del Ateneo de Madrid Sala Pardo Bazán 17/01/2008     B-9548 1127066 23/02/2023 23/02/2023 Libro impreso